| 000 | 01101cam a2200289 a 4500 | ||
|---|---|---|---|
| 999 |
_c130067 _d130067 |
||
| 001 | 16594172 | ||
| 003 | ARRUPE | ||
| 005 | 20191118104347.0 | ||
| 008 | 101230s2010 rh ab b 001 0 eng | ||
| 010 | _a 2010307659 | ||
| 020 | _a9780797442665 | ||
| 040 |
_aDLC _cDLC |
||
| 042 |
_apcc _alcode |
||
| 043 | _af-rh--- | ||
| 050 | 0 | 0 |
_aDT2913.N44 _bC53 2010 |
| 100 | 1 |
_aClarke, Marieke. _948771 |
|
| 245 | 1 | 0 |
_aLozikeyi Dlodlo : _bqueen of the Ndebele : a very dangerous and intriguing woman / _cMarieke Faber Clarke with Pathisa Nyathi. |
| 260 |
_aLuveve, Bulawayo [Zimbabwe] : _bAmagugu Publishers, _c2010. |
||
| 300 |
_a310 p. : _bill., maps ; _c21 cm. |
||
| 504 | _aIncludes bibliographical references (p. 274-287) and index. | ||
| 650 | 0 |
_aNdebele (African people) _xKings and rulers _vBiography. _948772 |
|
| 650 | 0 |
_aQueens _zZimbabwe _vBiography. _948773 |
|
| 700 | 1 |
_aNyathi, Pathisa, _d1951- _926321 |
|
| 906 |
_a7 _bcbc _corigode _d3 _encip _f20 _gy-gencatlg |
||
| 942 |
_2lcc _cMONOGRAPH |
||